Normal view
MARC view
- الإختبارات-تعليم
Entry Topical Term
001 - CONTROL NUMBER
- control field: 13157
003 - CONTROL NUMBER IDENTIFIER
- control field: JO-AjAnu
005 - DATE AND TIME OF LATEST TRANSACTION
- control field: 20230606072415.0
008 - FIXED-LENGTH DATA ELEMENTS
- fixed length control field: 230606|| aca||aabn | a|a d
040 ## - CATALOGING SOURCE
- Original cataloging agency: JO-AjAnu
- Transcribing agency: JO-AjAnu
150 ## - HEADING--TOPICAL TERM
- Topical term or geographic name entry element: الإختبارات-تعليم
670 ## - SOURCE DATA FOUND
- Source citation: Work cat.: (JO-AjAnu)6768: الخوالدة،مترجم/Gronlund,Norman مؤلف, author 13156, إعداد الإختبارات محكية المرجع للتعليم الصفي=Preparing Criterion -Referenced Tests For Classroom Instruction